000
00281nam a2200085Ia 4500
008
211105s9999 xx 000 0 und d
020
_a
"
100
_a
DIGBY, Peter K A.
_9
122226
245
0
_a
Pyramids and poppies : the 1st SA Infantry Brigade in Libya, France and Flanders 1915-1919
999
_c
585964
_d
585963